[Event "CZE-chT U20 Extraliga final-B 1415"]
[Site "Czech Republic"]
[Date "2015.04.26"]
[Round "11.2"]
[White "Pajersky, Michal"]
[Black "Cesenek, Jan"]
[Result "1/2-1/2"]
[WhiteElo "1915"]
[BlackElo "1865"]
[PlyCount "88"]
[EventDate "2014.10.11"]
[EventType "team-tourn"]
[EventRounds "11"]
[EventCountry "CZE"]
[SourceTitle "EXT 2021"]
[Source "ChessBase"]
[SourceDate "2020.10.23"]
[SourceVersion "1"]
[SourceVersionDate "2020.10.23"]
[SourceQuality "1"]
[WhiteTeam "Liberec Desko (U20)"]
[BlackTeam "Policka Stefanydes (U20)"]
[WhiteTeamCountry "CZE"]
[BlackTeamCountry "CZE"]

1. e4 c5 2. Nc3 e6 3. g3 d5 4. d3 Nc6 5. Bg2 Nf6 6. f4 Be7 7. e5 Nd7 8. Nf3 Rb8 9. h4 b5 10. Bh3 b4 11. Ne2 h5 12. Ng5 Bxg5 13. hxg5 g6 14. c3 a5 15. Ng1 Ba6 16. Nf3 Qb6 17. Qe2 Qb5 18. Bf1 Ke7 19. c4 dxc4 20. dxc4 Qb6 21. Be3 b3 22. a3 Rhd8 23. Nd2 Nd4 24. Bxd4 cxd4 25. Rc1 Bb7 26. Bg2 Nc5 27. Bxb7 Qxb7 28. 0-0 Rd7 29. Rfd1 Rbd8 30. Qf3 Qb6 31. Kf1 a4 32. Kg2 d3 33. Rc3 Rd4 34. Kf1 Rh8 35. Kg2 Rhd8 36. Kf1 Qa6 37. Rcc1 Kd7 38. Rc3 Kc7 39. Kf2 Qc6 40. Qxc6+ Kxc6 41. Ke3 R8d7 42. Kf3 Rd8 43. Ke3 R4d7 44. Kf3 Rd4 1/2-1/2

[Event "CZE-chT U20 Extraliga final-B 1415"]
[Site "Czech Republic"]
[Date "2015.04.24"]
[Round "8.2"]
[White "Krajicek, Filip"]
[Black "Pajersky, Michal"]
[Result "1-0"]
[WhiteElo "1508"]
[BlackElo "1915"]
[PlyCount "37"]
[EventDate "2014.10.11"]
[EventType "team-tourn"]
[EventRounds "11"]
[EventCountry "CZE"]
[SourceTitle "EXT 2021"]
[Source "ChessBase"]
[SourceDate "2020.10.23"]
[SourceVersion "1"]
[SourceVersionDate "2020.10.23"]
[SourceQuality "1"]
[WhiteTeam "Brno Lokomotiva (U20) II"]
[BlackTeam "Liberec Desko (U20)"]
[WhiteTeamCountry "CZE"]
[BlackTeamCountry "CZE"]

1. d4 Nf6 2. Nf3 d6 3. Bf4 g6 4. e3 Bg7 5. Bd3 Nd5 6. Bg3 0-0 7. c3 Nd7 8. Nbd2 e5 9. dxe5 dxe5 10. 0-0 Kh8 11. Nc4 Qe7 12. Qc2 f5 13. e4 N5b6 14. exf5 Nxc4 15. f6 Bxf6 16. Bxc4 Nb6 17. Bd3 Bg4 18. Nxe5 Qg7 19. Nxg4 1-0

[Event "CZE-chT U20 Extraliga West 1415"]
[Site "Czech Republic"]
[Date "2014.10.11"]
[Round "2.2"]
[White "Pajersky, Michal"]
[Black "Mackova, Veronika"]
[Result "0-1"]
[WhiteElo "1915"]
[BlackElo "1754"]
[PlyCount "92"]
[EventDate "2014.10.11"]
[EventType "team-tourn"]
[EventRounds "11"]
[EventCountry "CZE"]
[SourceTitle "EXT 2021"]
[Source "ChessBase"]
[SourceDate "2020.10.23"]
[SourceVersion "1"]
[SourceVersionDate "2020.10.23"]
[SourceQuality "1"]
[WhiteTeam "Liberec Desko (U20)"]
[BlackTeam "Praha Bohemians (U20)"]
[WhiteTeamCountry "CZE"]
[BlackTeamCountry "CZE"]

1. e4 e5 2. Nf3 Nc6 3. Bc4 Nf6 4. d3 Be7 5. Nc3 0-0 6. Qe2 d6 7. Be3 Na5 8. 0-0-0 c6 9. d4 Nxc4 10. Qxc4 d5 11. Qe2 exd4 12. Bxd4 Qa5 13. exd5 Bb4 14. a3 Re8 15. Qc4 Bxc3 16. Bxc3 Qb6 17. Bd4 cxd5 18. Qd3 Qc6 19. Bxf6 Qxf6 20. Qxd5 Bf5 21. Rhe1 Rxe1 22. Rxe1 Rc8 23. Nd4 Bg6 24. Qxb7 Qg5+ 25. Kb1 Qc5 26. Re2 h6 27. Qd7 Kh7 28. g4 Rc7 29. Qa4 Qd5 30. Re1 Rc4 31. Qxa7 Rxd4 32. Rc1 Rd1 33. Qe3 Rd4 34. f3 Ra4 35. b4 Qc4 36. Kb2 Ra8 37. Qb3 Qd4+ 38. Ka2 Qd2 39. Kb2 Rc8 40. a4 Qxh2 41. Ka3 Qd2 42. Kb2 Rb8 43. b5 Rd8 44. b6 Rb8 45. Qb5 Qd4+ 46. Ka3 Rxb6 0-1

[Event "Czech Fed-ch U16"]
[Site "Hrdonov"]
[Date "2013.10.30"]
[Round "6"]
[White "Havelka, Josef"]
[Black "Pajersky, Michal"]
[Result "1-0"]
[WhiteElo "1994"]
[BlackElo "1837"]
[PlyCount "53"]
[EventDate "2013.10.26"]
[EventType "swiss"]
[EventRounds "9"]
[EventCountry "CZE"]
[SourceTitle "EXT 2016"]
[Source "ChessBase"]
[SourceDate "2015.10.08"]
[SourceVersion "1"]
[SourceVersionDate "2015.10.08"]
[SourceQuality "1"]

1. e4 e5 2. Nf3 Nc6 3. Bb5 a6 4. Ba4 Nf6 5. d4 Nxe4 6. Qe2 d5 7. Nxe5 Qd6 8. Nxc6 bxc6 9. f3 f5 10. fxe4 dxe4 11. Qc4 Bd7 12. 0-0 Qf6 13. Bf4 Rb8 14. a3 Bd6 15. Bxd6 Qxd6 16. Bb3 Rf8 17. Nc3 h5 18. Qc5 Qg6 19. Rae1 Rf6 20. d5 h4 21. dxc6 Bxc6 22. Nd5 Bxd5 23. Qxd5 Ke7 24. Rd1 h3 25. g3 Qh6 26. Qc5+ Ke8 27. Rd5 1-0

[Event "Czech Fed-ch U16"]
[Site "Hrdonov"]
[Date "2013.10.29"]
[Round "5"]
[White "Pajersky, Michal"]
[Black "Vykouk, Jan"]
[Result "1/2-1/2"]
[WhiteElo "1837"]
[BlackElo "2094"]
[PlyCount "34"]
[EventDate "2013.10.26"]
[EventType "swiss"]
[EventRounds "9"]
[EventCountry "CZE"]
[SourceTitle "EXT 2016"]
[Source "ChessBase"]
[SourceDate "2015.10.08"]
[SourceVersion "1"]
[SourceVersionDate "2015.10.08"]
[SourceQuality "1"]

1. Nc3 c5 2. f4 Nc6 3. d3 g6 4. g3 Bg7 5. Bg2 e6 6. Nf3 Nge7 7. Ne4 d6 8. 0-0 0-0 9. Rb1 b6 10. a3 d5 11. Nf2 d4 12. e4 dxe3 13. Bxe3 Rb8 14. Bd2 Bb7 15. Re1 Nd5 16. Ne4 a5 17. Kh1 Ba8 1/2-1/2

[Event "Czech Fed-ch U16"]
[Site "Hrdonov"]
[Date "2013.10.26"]
[Round "1"]
[White "Vit, Jakub"]
[Black "Pajersky, Michal"]
[Result "0-1"]
[WhiteElo "1552"]
[BlackElo "1837"]
[PlyCount "38"]
[EventDate "2013.10.26"]
[EventType "swiss"]
[EventRounds "9"]
[EventCountry "CZE"]
[SourceTitle "EXT 2016"]
[Source "ChessBase"]
[SourceDate "2015.10.08"]
[SourceVersion "1"]
[SourceVersionDate "2015.10.08"]
[SourceQuality "1"]

1. c4 e5 2. Nc3 Nc6 3. Nf3 g6 4. g3 Bg7 5. Bg2 d6 6. d3 Nf6 7. 0-0 0-0 8. Be3 Ng4 9. Bd2 f5 10. Qc1 Ne7 11. h3 Nf6 12. Bh6 c6 13. c5 e4 14. cxd6 Qxd6 15. dxe4 fxe4 16. Rd1 Bxh6 17. Qxh6 Qb4 18. Ng5 Nf5 19. Qxf8+ Qxf8 0-1

[Event "CZE-chTW U20 1314"]
[Site "Czech Republic"]
[Date "2013.10.13"]
[Round "3.2"]
[White "Pajersky, Michal"]
[Black "Dolansky, Lukas"]
[Result "0-1"]
[WhiteElo "1837"]
[BlackElo "1792"]
[PlyCount "96"]
[EventDate "2013.10.12"]
[EventType "team-tourn"]
[EventRounds "11"]
[EventCountry "CZE"]
[SourceTitle "EXT 2015"]
[Source "ChessBase"]
[SourceDate "2014.11.20"]
[SourceVersion "1"]
[SourceVersionDate "2014.11.20"]
[SourceQuality "1"]
[WhiteTeam "Liberec Desko (U20)"]
[BlackTeam "Tabor (U20)"]
[WhiteTeamCountry "CZE"]
[BlackTeamCountry "CZE"]

1. d4 d5 2. Nf3 Bf5 3. c4 c6 4. Nc3 e6 5. Bf4 Nf6 6. c5 Be7 7. h3 0-0 8. e3 Nbd7 9. Be2 Ne4 10. 0-0 Nxc3 11. bxc3 b6 12. cxb6 axb6 13. c4 Be4 14. a4 c5 15. Ne5 Bf6 16. Ng4 Bg5 17. Bxg5 Qxg5 18. f4 Qg6 19. Rf2 Bc2 20. Qf1 Rxa4 21. Rxa4 Bxa4 22. cxd5 exd5 23. f5 Qg5 24. Rf4 c4 25. e4 c3 26. e5 c2 27. h4 Qe7 28. Qc1 Kh8 29. Bd3 Rc8 30. Ne3 Qb4 31. Nxd5 Qb3 32. Be4 Bc6 33. e6 Bxd5 34. exd7 Rd8 35. Bxd5 Qxd5 36. Qxc2 Qxd7 37. Qb3 Qa7 38. Kh2 Qc7 39. g3 h6 40. f6 g6 41. Re4 Rd7 42. Qb4 Rd6 43. Qd2 Kh7 44. Re7 Qc4 45. Re8 Rxf6 46. d5 Qc5 47. Kg2 Qb5 48. Rd8 Qf1+ 0-1

[Event "CZE-chTW U20 1314"]
[Site "Czech Republic"]
[Date "2013.10.12"]
[Round "1.2"]
[White "Pajersky, Michal"]
[Black "Jelinek, Michal"]
[Result "1/2-1/2"]
[WhiteElo "1837"]
[BlackElo "1849"]
[PlyCount "94"]
[EventDate "2013.10.12"]
[EventType "team-tourn"]
[EventRounds "11"]
[EventCountry "CZE"]
[SourceTitle "EXT 2015"]
[Source "ChessBase"]
[SourceDate "2014.11.20"]
[SourceVersion "1"]
[SourceVersionDate "2014.11.20"]
[SourceQuality "1"]
[WhiteTeam "Liberec Desko (U20)"]
[BlackTeam "Praha Oaza (U20)"]
[WhiteTeamCountry "CZE"]
[BlackTeamCountry "CZE"]

1. d4 d5 2. Nf3 Nf6 3. e3 e6 4. Bd3 Nbd7 5. Nbd2 Be7 6. b3 c6 7. Bb2 0-0 8. 0-0 b6 9. Ne5 Nxe5 10. dxe5 Nd7 11. c4 f6 12. Qh5 f5 13. f4 g6 14. Qh3 Nc5 15. Be2 Bb7 16. Rfd1 Qc7 17. Rac1 dxc4 18. Nxc4 Ne4 19. Bf3 c5 20. Nd6 Bxd6 21. exd6 Qd7 22. Be5 Rac8 23. g4 b5 24. Be2 a6 25. a4 Qc6 26. axb5 axb5 27. gxf5 Rxf5 28. Bf3 Ng5 29. Bxc6 Nxh3+ 30. Kg2 Nxf4+ 31. exf4 Bxc6+ 32. Kg3 Bd7 33. Rd2 g5 34. Ra2 gxf4+ 35. Bxf4 e5 36. Be3 c4 37. Ra7 Rf7 38. bxc4 bxc4 39. Ra5 e4 40. Bf4 Rg7+ 41. Kf2 Rf8 42. Ke3 Rg4 43. Bg3 Rf3+ 44. Ke2 c3 45. Rc5 Rg6 46. R1xc3 Rxc3 47. Rxc3 Kf7 1/2-1/2

[Event "CZE-chTB U20 1213"]
[Site "Czech Republic"]
[Date "2013.04.14"]
[Round "11.2"]
[White "Pajersky, Michal"]
[Black "Pulpan, Matej"]
[Result "0-1"]
[WhiteElo "1808"]
[BlackElo "1763"]
[PlyCount "76"]
[EventDate "2012.10.06"]
[EventType "team-tourn"]
[EventRounds "11"]
[EventCountry "CZE"]
[SourceTitle "EXT 2015"]
[Source "ChessBase"]
[SourceDate "2014.11.20"]
[SourceVersion "1"]
[SourceVersionDate "2014.11.20"]
[SourceQuality "1"]
[WhiteTeam "Liberec Desko (U20)"]
[BlackTeam "Polabiny (U20) II"]
[WhiteTeamCountry "CZE"]
[BlackTeamCountry "CZE"]

1. d4 Nf6 2. Nf3 g6 3. g3 Bg7 4. Bg2 0-0 5. 0-0 d6 6. c4 Nbd7 7. Nc3 e5 8. e4 Re8 9. d5 Nc5 10. Ne1 c6 11. b4 Na6 12. dxc6 Nxb4 13. cxb7 Bxb7 14. Rb1 Nxa2 15. Nxa2 Bxe4 16. Bxe4 Nxe4 17. Be3 f5 18. Rb7 Rf8 19. Ng2 Qc8 20. Qd5+ Kh8 21. Rfb1 Nf6 22. Qxd6 Qxc4 23. Qe7 Rg8 24. Rxa7 Nd5 25. Qb7 Rxa7 26. Qxa7 f4 27. Rc1 Qe4 28. Bd2 f3 29. Ne3 Nxe3 30. Qxe3 Qf5 31. Qe1 e4 32. Bc3 h5 33. Bxg7+ Rxg7 34. Rc4 Qh3 35. Qf1 Qf5 36. Nc3 Re7 37. Qd1 Rd7 38. Rd4 Qh3 0-1

[Event "CZE-ch U16"]
[Site "Kouty nad Desnou"]
[Date "2013.03.16"]
[Round "9"]
[White "Pajersky, Michal"]
[Black "Dvorak, Adam"]
[Result "0-1"]
[WhiteElo "1823"]
[BlackElo "2049"]
[PlyCount "74"]
[EventDate "2013.03.09"]
[EventType "swiss"]
[EventRounds "9"]
[EventCountry "CZE"]
[SourceTitle "EXT 2015"]
[Source "ChessBase"]
[SourceDate "2014.11.20"]
[SourceVersion "1"]
[SourceVersionDate "2014.11.20"]
[SourceQuality "1"]

1. e4 c5 2. Nc3 a6 3. g3 Nc6 4. Bg2 g6 5. d3 Bg7 6. f4 d6 7. a4 e6 8. Be3 Nge7 9. Nge2 0-0 10. g4 Rb8 11. 0-0 Nd4 12. Ng3 b5 13. axb5 axb5 14. Qd2 f5 15. h3 Kh8 16. Kh1 Bd7 17. Bg1 Bc6 18. Nd1 Qd7 19. Ne3 b4 20. Nc4 Rbd8 21. Rae1 d5 22. Ne5 Bxe5 23. fxe5 dxe4 24. gxf5 Nexf5 25. Nxf5 Nxf5 26. Bxc5 Ng3+ 27. Kg1 Nxf1 28. Qxb4 Rb8 29. Qa3 Ra8 30. Qc3 Ng3 31. Bxf8 Rxf8 32. dxe4 Nh5 33. Qc5 Rf7 34. b4 Nf4 35. Bf1 Qd2 36. Ra1 Bxe4 37. Ra3 Ne2+ 0-1

[Event "Czech Fed-ch U16"]
[Site "Hrdonov"]
[Date "2012.10.23"]
[Round "4"]
[White "Zilavy, Jan"]
[Black "Pajersky, Michal"]
[Result "1-0"]
[WhiteElo "1736"]
[BlackElo "1808"]
[PlyCount "37"]
[EventDate "2012.10.20"]
[EventType "swiss"]
[EventRounds "9"]
[EventCountry "CZE"]
[SourceTitle "CBM 151 Extra"]
[Source "ChessBase"]
[SourceDate "2012.12.18"]
[SourceVersion "1"]
[SourceVersionDate "2012.12.18"]
[SourceQuality "1"]

1. e4 e5 2. Nc3 Nc6 3. Bc4 Nf6 4. d3 Bb4 5. f4 d5 6. exd5 Nxd5 7. Nge2 0-0 8. 0-0 Bc5+ 9. Kh1 Ne3 10. Bxe3 Bxe3 11. f5 Nd4 12. Nxd4 exd4 13. Ne4 b6 14. Qh5 Bb7 15. f6 g6 16. Qh4 Kh8 17. Rf3 g5 18. Qh6 Rg8 19. Rh3 1-0

[Event "CZE-chTW U20 1213"]
[Site "Czech Republic"]
[Date "2012.10.07"]
[Round "4.2"]
[White "Rydl, Jiri"]
[Black "Pajersky, Michal"]
[Result "1-0"]
[WhiteElo "1982"]
[BlackElo "1808"]
[PlyCount "41"]
[EventDate "2012.10.06"]
[EventType "team-tourn"]
[EventRounds "11"]
[EventCountry "CZE"]
[SourceTitle "EXT 2015"]
[Source "ChessBase"]
[SourceDate "2014.11.20"]
[SourceVersion "1"]
[SourceVersionDate "2014.11.20"]
[SourceQuality "1"]
[WhiteTeam "Vlasim (U20)"]
[BlackTeam "Liberec Desko (U20)"]
[WhiteTeamCountry "CZE"]
[BlackTeamCountry "CZE"]

1. e4 e5 2. Nf3 Nf6 3. Nxe5 d6 4. Nf3 Nxe4 5. Nc3 Nxc3 6. dxc3 d5 7. Be3 Be7 8. Qd2 c6 9. 0-0-0 Nd7 10. Nd4 Ne5 11. f3 Qc7 12. Be2 Bd7 13. Rhe1 0-0-0 14. Bf1 Bd6 15. Qf2 f5 16. g3 h6 17. Nb3 b6 18. Ba6+ Kb8 19. a4 g5 20. a5 b5 21. Bb6 1-0

[Event "CZE-chTW U20 1213"]
[Site "Czech Republic"]
[Date "2012.10.06"]
[Round "2.2"]
[White "Eret, Jonas"]
[Black "Pajersky, Michal"]
[Result "1/2-1/2"]
[WhiteElo "1829"]
[BlackElo "1808"]
[PlyCount "118"]
[EventDate "2012.10.06"]
[EventType "team-tourn"]
[EventRounds "11"]
[EventCountry "CZE"]
[SourceTitle "EXT 2015"]
[Source "ChessBase"]
[SourceDate "2014.11.20"]
[SourceVersion "1"]
[SourceVersionDate "2014.11.20"]
[SourceQuality "1"]
[WhiteTeam "Klatovy (U20)"]
[BlackTeam "Liberec Desko (U20)"]
[WhiteTeamCountry "CZE"]
[BlackTeamCountry "CZE"]

1. d4 Nf6 2. Nf3 d5 3. e3 e6 4. c4 Nbd7 5. Nc3 Be7 6. Bd3 0-0 7. 0-0 b6 8. b3 Bb7 9. Bb2 Ne4 10. Nd2 f5 11. f3 Nxc3 12. Bxc3 Bd6 13. f4 Qe8 14. Nf3 Qg6 15. Qc2 Nf6 16. Ne5 Qh6 17. Be2 g5 18. b4 dxc4 19. Bxc4 Nd5 20. Qd2 Rae8 21. a4 Qg7 22. Rf2 Rf6 23. Bxd5 Bxd5 24. e4 fxe4 25. fxg5 Rf5 26. Rxf5 exf5 27. Rf1 Rf8 28. h4 Qe7 29. Rf4 Qe8 30. Qd1 Qe6 31. Qh5 Bxe5 32. dxe5 Qc6 33. Bb2 Rf7 34. Qd1 Qe6 35. Qf1 Bc4 36. Qf2 Bd5 37. Kh2 c6 38. g3 Qd7 39. Qd4 Be6 40. Qd6 Kg7 41. Rf1 Kg8 42. Rf4 Bd5 43. Kg1 Be6 44. Kh2 Bd5 45. Kg1 Be6 46. Kh2 Qxd6 47. exd6 Rd7 48. Be5 c5 49. bxc5 bxc5 50. g4 fxg4 51. Rxe4 c4 52. a5 c3 53. Bxc3 Rxd6 54. Re3 a6 55. Kg3 Kf7 56. Be1 Rd5 57. Bc3 Rb5 58. Be1 Rb2 59. Kf4 Rb5 1/2-1/2

[Event "CZE-chTB U20 1112"]
[Site "Czech Republic"]
[Date "2012.04.13"]
[Round "4.2"]
[White "Pajersky, Michal"]
[Black "Sion, David"]
[Result "1-0"]
[WhiteElo "1718"]
[BlackElo "1778"]
[PlyCount "77"]
[EventDate "2012.04.13"]
[EventType "team-tourn"]
[EventRounds "7"]
[EventCountry "CZE"]
[SourceTitle "CBM 148 Extra"]
[Source "ChessBase"]
[SourceDate "2012.06.22"]
[SourceVersion "1"]
[SourceVersionDate "2012.06.22"]
[SourceQuality "1"]
[WhiteTeam "Liberec"]
[BlackTeam "Policka"]
[WhiteTeamCountry "CZE"]
[BlackTeamCountry "CZE"]

1. d4 e6 2. c4 Nf6 3. Nc3 Bb4 4. Nf3 Ne4 5. Qb3 Qe7 6. Bd2 Nxd2 7. Nxd2 c5 8. d5 exd5 9. cxd5 0-0 10. a3 Bxc3 11. bxc3 d6 12. e3 f5 13. Be2 f4 14. e4 Qg5 15. h4 Qf6 16. 0-0-0 Nd7 17. f3 c4 18. Nxc4 Nc5 19. Qc2 Bd7 20. Nb2 Rfc8 21. Rd4 Nb3+ 22. Qxb3 Qxd4 23. Nc4 Qc5 24. Re1 Bb5 25. Nxd6 Ba4 26. Qb4 Qe3+ 27. Kb1 Rxc3 28. Qxa4 Rxa3 29. Qc2 Rc3 30. Qa4 Qb6+ 31. Nb5 a6 32. Ka2 Rc5 33. Rb1 Rac8 34. Na3 Qc7 35. Qb3 b5 36. d6+ Qf7 37. Qxf7+ Kxf7 38. Rd1 Ke8 39. d7+ 1-0

[Event "CZE-ch U14"]
[Site "Kouty nad Desnou"]
[Date "2012.03.17"]
[Round "9"]
[White "Pajersky, Michal"]
[Black "Stuchly, Ondrej"]
[Result "1/2-1/2"]
[WhiteElo "1732"]
[BlackElo "1680"]
[PlyCount "72"]
[EventDate "2012.03.10"]
[EventType "swiss"]
[EventRounds "9"]
[EventCountry "CZE"]
[SourceTitle "EXT 2013"]
[Source "ChessBase"]
[SourceDate "2012.11.22"]
[SourceVersion "1"]
[SourceVersionDate "2012.11.22"]
[SourceQuality "1"]

1. d4 d5 2. c4 e6 3. Nc3 Nf6 4. Bg5 Nbd7 5. e3 Be7 6. Nf3 0-0 7. Rc1 a6 8. Qc2 dxc4 9. Bxc4 c5 10. 0-0 b5 11. Be2 Bb7 12. Rfd1 Qb6 13. Ne5 Rfd8 14. Bd3 h6 15. Nxd7 Rxd7 16. Bxf6 Bxf6 17. dxc5 Qc7 18. b4 Rad8 19. a3 Be5 20. f4 Bxc3 21. Qxc3 Qc6 22. Rc2 Ba8 23. Rdd2 Qd5 24. Bh7+ Kxh7 25. Rxd5 Rxd5 26. c6 Rc8 27. c7 Rd7 28. Qc5 Bd5 29. Qb6 Bc4 30. Qxa6 Rcxc7 31. a4 Ra7 32. Qc6 Rdc7 33. Qb6 Rcb7 34. Qd4 Rd7 35. Qe4+ f5 36. Qc6 Rdc7 1/2-1/2

[Event "CZE-ch U14"]
[Site "Kouty nad Desnou"]
[Date "2012.03.14"]
[Round "6"]
[White "Pajersky, Michal"]
[Black "Kula, Dominik"]
[Result "0-1"]
[WhiteElo "1732"]
[BlackElo "1725"]
[PlyCount "42"]
[EventDate "2012.03.10"]
[EventType "swiss"]
[EventRounds "9"]
[EventCountry "CZE"]
[SourceTitle "EXT 2013"]
[Source "ChessBase"]
[SourceDate "2012.11.22"]
[SourceVersion "1"]
[SourceVersionDate "2012.11.22"]
[SourceQuality "1"]

1. d4 Nf6 2. Nf3 g6 3. g3 Bg7 4. Nbd2 d5 5. Bg2 0-0 6. 0-0 c5 7. Nb3 cxd4 8. Nbxd4 Nc6 9. Nxc6 bxc6 10. Ne5 Qc7 11. Bf4 g5 12. Ng6 gxf4 13. Nxf8 Kxf8 14. c3 Bg4 15. Qa4 Ne4 16. Rac1 fxg3 17. hxg3 Qb6 18. Kh2 Rd8 19. f3 Rd6 20. b4 Rh6+ 21. Bh3 Qe3 0-1

[Event "CZE-ch U14"]
[Site "Kouty nad Desnou"]
[Date "2012.03.12"]
[Round "4"]
[White "Pajersky, Michal"]
[Black "Havelka, Josef"]
[Result "1/2-1/2"]
[WhiteElo "1732"]
[BlackElo "1737"]
[PlyCount "40"]
[EventDate "2012.03.10"]
[EventType "swiss"]
[EventRounds "9"]
[EventCountry "CZE"]
[SourceTitle "EXT 2013"]
[Source "ChessBase"]
[SourceDate "2012.11.22"]
[SourceVersion "1"]
[SourceVersionDate "2012.11.22"]
[SourceQuality "1"]

1. d4 c5 2. d5 e6 3. c4 exd5 4. cxd5 d6 5. e4 Nf6 6. Bd3 g6 7. Nf3 Bg4 8. 0-0 Bg7 9. Nbd2 0-0 10. a4 Nbd7 11. Qb3 Rb8 12. Ne1 Ne5 13. f3 Nxd3 14. Nxd3 Bd7 15. Nc4 Ne8 16. Bf4 g5 17. Bd2 Bd4+ 18. Kh1 f6 19. f4 Qe7 20. Rae1 f5 1/2-1/2

[Event "CZE-chTW U20 1112"]
[Site "Czech Republic"]
[Date "2012.01.21"]
[Round "7.3"]
[White "Pajersky, Michal"]
[Black "Toman, Ondrej"]
[Result "0-1"]
[WhiteElo "1718"]
[BlackElo "1880"]
[PlyCount "80"]
[EventDate "2011.10.15"]
[EventType "team-tourn"]
[EventRounds "7"]
[EventCountry "CZE"]
[SourceTitle "EXT 2013"]
[Source "ChessBase"]
[SourceDate "2012.11.22"]
[SourceVersion "1"]
[SourceVersionDate "2012.11.22"]
[SourceQuality "1"]
[WhiteTeam "Liberec"]
[BlackTeam "Udlice"]
[WhiteTeamCountry "CZE"]
[BlackTeamCountry "CZE"]

1. e4 c6 2. d4 d5 3. exd5 cxd5 4. Nf3 Nc6 5. c4 Nf6 6. Nc3 e6 7. Bf4 a6 8. a3 Bd6 9. Bxd6 Qxd6 10. c5 Qe7 11. b4 0-0 12. Be2 Ne4 13. Na4 Qf6 14. Nb6 Rb8 15. 0-0 Nc3 16. Qd2 Nxe2+ 17. Qxe2 Nxd4 18. Nxd4 Qxd4 19. Rfd1 Qf6 20. Re1 h6 21. Rad1 Rd8 22. Rd3 Bd7 23. Rf3 Qg6 24. Rg3 Qh7 25. f4 Re8 26. Rf3 Bc6 27. Qe5 Rbd8 28. g4 Qg6 29. Rg3 f6 30. Qd4 e5 31. fxe5 fxe5 32. Qd2 e4 33. g5 h5 34. Qd4 Rf8 35. Rg2 Rf5 36. h4 Rdf8 37. a4 Qe6 38. Rd2 Rf4 39. Rg2 Rxh4 40. b5 Qh3 0-1

[Event "Liberec Metalmex op"]
[Site "Liberec"]
[Date "2011.08.18"]
[Round "6"]
[White "Kokta, Marcel"]
[Black "Pajersky, Michal"]
[Result "0-1"]
[WhiteElo "1800"]
[BlackElo "1700"]
[PlyCount "60"]
[EventDate "2011.08.13"]
[EventType "swiss"]
[EventRounds "9"]
[EventCountry "CZE"]
[SourceTitle "CBM 143 Extra"]
[Source "ChessBase"]
[SourceDate "2011.08.29"]
[SourceVersion "1"]
[SourceVersionDate "2011.08.29"]
[SourceQuality "1"]

1. Nf3 d5 2. c4 e6 3. a3 c5 4. g3 Nf6 5. Bg2 Bd6 6. 0-0 0-0 7. d3 h6 8. Qc2 Nc6 9. Nc3 a6 10. e3 Rb8 11. e4 d4 12. Ne2 e5 13. h3 Qc7 14. Bd2 b5 15. b3 Nh7 16. cxb5 Rxb5 17. Rfc1 Bd7 18. Nxe5 Nxe5 19. f4 Nc6 20. e5 Be7 21. Bxc6 Qxc6 22. Nxd4 Qb7 23. Nxb5 Bxh3 24. Be3 Bf5 25. Qf2 f6 26. Bxc5 fxe5 27. Bxe7 Qxe7 28. Qe3 Nf6 29. Kg2 Qb7+ 30. Kg1 Ng4 0-1

[Event "CZE-chT U20 final-A 1011"]
[Site "Czech Republic"]
[Date "2011.04.15"]
[Round "8.6"]
[White "Hofirek, Benedikt"]
[Black "Pajersky, Michal"]
[Result "1/2-1/2"]
[WhiteElo "1906"]
[BlackElo "1708"]
[PlyCount "80"]
[EventDate "2010.10.02"]
[EventType "team-tourn"]
[EventRounds "11"]
[EventCountry "CZE"]
[SourceTitle "EXT 2012"]
[Source "ChessBase"]
[SourceDate "2011.11.24"]
[SourceVersion "1"]
[SourceVersionDate "2011.11.24"]
[SourceQuality "1"]
[WhiteTeam "Brno Lokomotiva (U20)"]
[BlackTeam "Liberec (U20)"]
[WhiteTeamCountry "CZE"]
[BlackTeamCountry "CZE"]

1. c4 c5 2. Nc3 Nf6 3. Nf3 e6 4. g3 Nc6 5. Bg2 d5 6. cxd5 exd5 7. d4 Be6 8. 0-0 a6 9. Bg5 c4 10. Ne5 Be7 11. f4 g6 12. Bh6 Rg8 13. Nxc6 bxc6 14. Qd2 Qc7 15. b3 cxb3 16. Rfb1 bxa2 17. Rxa2 Kd7 18. e4 dxe4 19. Rc2 Rgb8 20. Rxb8 Rxb8 21. Nxe4 Rb1+ 22. Kf2 Ng4+ 23. Ke2 Nxh6 24. d5 Bg4+ 25. Bf3 Bxf3+ 26. Kxf3 c5 27. d6 Qc6 28. Rxc5 Rb3+ 29. Kf2 Qb6 30. dxe7+ Kxe7 31. Qd4 Ng4+ 32. Kg2 Rb2+ 33. Kh3 h5 34. Kh4 Rxh2+ 35. Kg5 f6+ 36. Kxg6 f5+ 37. Kg7 Qh6+ 38. Kg8 Qf8+ 39. Kh7 Qh6+ 40. Kg8 Qf8+ 1/2-1/2

[Event "CZE-chTW U20 1011"]
[Site "Czech Republic"]
[Date "2011.01.15"]
[Round "7.5"]
[White "Sevcik, Radek"]
[Black "Pajersky, Michal"]
[Result "1/2-1/2"]
[WhiteElo "1737"]
[BlackElo "1708"]
[PlyCount "126"]
[EventDate "2010.10.02"]
[EventType "team-tourn"]
[EventRounds "11"]
[EventCountry "CZE"]
[SourceTitle "EXT 2012"]
[Source "ChessBase"]
[SourceDate "2011.11.24"]
[SourceVersion "1"]
[SourceVersionDate "2011.11.24"]
[SourceQuality "1"]
[WhiteTeam "Rychnov nad Kneznou (U20)"]
[BlackTeam "Liberec (U20)"]
[WhiteTeamCountry "CZE"]
[BlackTeamCountry "CZE"]

1. e4 d5 2. exd5 Qxd5 3. Nc3 Qd8 4. d4 Nf6 5. Bc4 e6 6. Nf3 c6 7. 0-0 Be7 8. Bf4 Nbd7 9. Qe2 Nb6 10. Bd3 0-0 11. Ne4 Nbd5 12. Be5 h6 13. a3 Nxe4 14. Qxe4 f5 15. Qe2 Bf6 16. c4 Nc7 17. Rad1 Bd7 18. Bb1 Ne8 19. Ba2 Kh8 20. c5 Nc7 21. Bd6 Re8 22. a4 Nd5 23. Qd2 Kg8 24. Rb1 Be7 25. Be5 Bf6 26. b4 a6 27. Bc4 Qe7 28. b5 axb5 29. axb5 cxb5 30. Bxb5 Bxb5 31. Rxb5 Bxe5 32. Nxe5 Reb8 33. Rfb1 Qc7 34. Qb2 Kh7 35. g3 Ra7 36. Nc4 Nf6 37. Nd6 Nd5 38. Nxb7 Rba8 39. Qc2 Ra3 40. Nd6 Nc3 41. Rb7 Qc6 42. Re1 Qd5 43. Rb2 Qf3 44. Qd2 Ra1 45. Rc2 R8a3 46. Nf7 R1a2 47. Ne5 Rxc2 48. Qxc2 Qa8 49. Nc4 Nb5 50. Nxa3 Qxa3 51. d5 Nd4 52. Qb1 Nf3+ 53. Kf1 Nxe1 54. Qxe1 Qd3+ 55. Kg1 Qxd5 56. Qc1 Qc6 57. Qc2 Kg8 58. f4 Kf7 59. Kf2 Ke7 60. Ke3 g6 61. h3 Kf7 62. h4 h5 63. Qc3 Qg2 1/2-1/2